[Event "World Blitz 2025"]
[Site "Doha QAT"]
[Date "2025.12.29"]
[Round "4.77"]
[White "Chasin, Nico"]
[Black "Musovic, Armin"]
[Result "1-0"]
[WhiteTitle "IM"]
[BlackTitle "FM"]
[WhiteElo "2517"]
[BlackElo "2190"]
[WhiteFideId "30908477"]
[BlackFideId "939935"]
[EventDate "2025.12.29"]

1. Nf3 Nf6 2. g3 g6 3. Bg2 Bg7 4. O-O O-O 5. d4 d5 6. c4 c5 7. dxc5 dxc4 8. Qa4
Nc6 9. Nc3 Qa5 10. Qxc4 Be6 11. Qb5 Qxb5 12. Nxb5 Rad8 13. Re1 a6 14. Nc3 Nb4
15. Rf1 Nfd5 16. Bd2 Nxc3 17. bxc3 Nxa2 18. Nd4 Nxc3 19. Bxc3 Bxd4 20. Bxd4 Rxd4
21. Bxb7 Bc8 22. Bf3 e5 23. Rfc1 e4 24. e3 Rb4 25. Be2 Rd8 26. Bxa6 Bb7 27. Bxb7
Rxb7 28. c6 Rc7 29. Rc4 f5 30. Ra5 Rd6 31. Rac5 Kf7 32. h3 Ke6 33. g4 Rd5 34.
gxf5+ gxf5 35. Kg2 Kd6 36. Rxd5+ Kxd5 37. Rd4+ Ke5 38. Rd7 Rxc6 39. Rxh7 Rg6+
40. Kf1 Rg8 41. Rh6 Rg7 42. h4 Rg4 43. h5 f4 44. exf4+ Kxf4 45. Ke2 Rh4 46. Rh8
e3 47. fxe3+ Ke4 48. h6 Rh2+ 49. Kd1 Kd3 50. Kc1 Kc3 51. Rc8+ Kd3 52. Rh8 Kc3
53. Kd1 Kd3 54. Ke1 Kxe3 55. Kf1 Kf3 56. Kg1 Rh5 57. h7 Rg5+ 58. Kf1 Rf5 59. Rg8
Ra5 60. Rf8+ Kg3 61. h8=Q 1-0

[Event "World Blitz 2025"]
[Site "Doha QAT"]
[Date "2025.12.29"]
[Round "4.78"]
[White "Chekh Adm Khedr, Aram"]
[Black "Droin, Augustin"]
[Result "0-1"]
[WhiteTitle "FM"]
[BlackTitle "IM"]
[WhiteElo "2139"]
[BlackElo "2480"]
[WhiteFideId "7601948"]
[BlackFideId "45105987"]
[EventDate "2025.12.29"]

1. e4 c5 2. Ne2 Nc6 3. g3 Nf6 4. Bg2 e6 5. d4 d5 6. e5 Nd7 7. c3 Be7 8. h4 b5 9.
O-O a5 10. Nf4 Qb6 11. Be3 cxd4 12. cxd4 Nf8 13. Nc3 Bb7 14. Ncxd5 exd5 15. Nxd5
Qd8 16. Nxe7 Qxe7 17. Bg5 Qd7 18. Rc1 Nb4 19. Bxb7 Qxb7 20. Bd2 Nd5 21. Qg4 Ne6
22. f4 h5 23. Qf5 Ne7 24. Qd3 g6 25. Be3 Qd5 26. Rc2 Nf5 27. Bf2 O-O 28. Rd1
Rfd8 29. Rcd2 Rac8 30. Qa3 b4 31. Qa4 Rc4 32. b3 Rc3 33. Kh2 Qf3 34. Qxa5 Nxg3
35. d5 Ne2 36. Rxe2 Qxe2 37. Kg2 Qf3+ 0-1

[Event "World Blitz 2025"]
[Site "Doha QAT"]
[Date "2025.12.29"]
[Round "4.79"]
[White "Samadov, Read"]
[Black "Kuandykuly, Danis"]
[Result "0-1"]
[WhiteTitle "IM"]
[BlackTitle "FM"]
[WhiteElo "2510"]
[BlackElo "2372"]
[WhiteFideId "13417444"]
[BlackFideId "13752260"]
[EventDate "2025.12.29"]

1. Nf3 Nf6 2. b3 g6 3. Bb2 Bg7 4. d4 O-O 5. g3 d6 6. Bg2 Nbd7 7. O-O c6 8. Re1
Qc7 9. e4 e5 10. dxe5 Nxe5 11. Nxe5 dxe5 12. Qe2 Bg4 13. Bf3 h5 14. Nd2 Rad8 15.
Nc4 Rfe8 16. a4 Bc8 17. h4 b5 18. axb5 cxb5 19. Ne3 a6 20. c4 bxc4 21. bxc4 Be6
22. Rxa6 Nd7 23. Nd5 Qb7 24. Raa1 Nc5 25. Rab1 Qc6 26. Ba3 Ra8 27. Qe3 Nd7 28.
Ne7+ Rxe7 29. Bxe7 Qxc4 30. Rec1 Qd4 31. Bg5 Ra2 32. Rd1 Qa4 33. Bh6 Ra3 34. Qg5
Rxf3 35. Bxg7 Kxg7 36. Re1 Qd4 37. Re2 Rd3 38. Kg2 Bg4 39. Ree1 Rd2 40. Rf1 f6
41. Rb2 0-1

[Event "World Blitz 2025"]
[Site "Doha QAT"]
[Date "2025.12.29"]
[Round "4.80"]
[White "Sankalp, Gupta"]
[Black "Alrehaili, Ahmed Abdullah S"]
[Result "0-1"]
[WhiteTitle "GM"]
[BlackTitle "FM"]
[WhiteElo "2557"]
[BlackElo "2106"]
[WhiteFideId "5097010"]
[BlackFideId "21518840"]
[EventDate "2025.12.29"]

1. Nf3 Nf6 2. c4 g6 3. Nc3 Bg7 4. g3 d6 5. Bg2 O-O 6. O-O Nc6 7. d4 Bg4 8. d5
Na5 9. Nd2 c5 10. Qc2 a6 11. a4 Rb8 12. Re1 Qc7 13. b3 Rfe8 14. Bb2 h5 15. e4 e5
16. dxe6 Bxe6 17. h3 Qd7 18. Kh2 Nc6 19. Nd5 Bxd5 20. cxd5 Nb4 21. Qb1 b5 22.
axb5 axb5 23. Ra5 Qc7 24. Ra3 c4 25. bxc4 bxc4 26. Rc1 Nd3 27. Rxd3 Rxb2 28. Qa1
Rxd2 29. Rdc3 Nxe4 30. Bxe4 Rxe4 31. Qa8+ Kh7 32. Rf3 Ree2 33. Kg2 Bd4 34. Rf1
c3 35. Qc6 Qe7 36. Qc4 Kg7 37. h4 Qe4 38. Qc7 Rxf2+ 0-1

[Event "World Blitz 2025"]
[Site "Doha QAT"]
[Date "2025.12.29"]
[Round "4.81"]
[White "Dinham, James"]
[Black "Krallis, Christos"]
[Result "0-1"]
[BlackTitle "IM"]
[WhiteElo "2091"]
[BlackElo "2416"]
[WhiteFideId "14327023"]
[BlackFideId "4298896"]
[EventDate "2025.12.29"]

1. e4 c5 2. Nf3 Nc6 3. d4 cxd4 4. Nxd4 Nf6 5. Nc3 e5 6. Ndb5 d6 7. Bg5 a6 8. Na3
b5 9. Bxf6 gxf6 10. Nd5 f5 11. exf5 Bxf5 12. c3 Bg7 13. Nc2 O-O 14. Nce3 Be6 15.
g4 b4 16. Bg2 bxc3 17. bxc3 Rc8 18. Qa4 a5 19. Rd1 Kh8 20. O-O Bh6 21. Qb5 Rg8
22. h3 Na7 23. Qa6 Nc6 24. Qb5 Ne7 25. Nxe7 Qxe7 26. Qxa5 Bf4 27. Qb4 Rc5 28. a4
h5 29. Bf3 Qh4 30. Kg2 Bxe3 31. fxe3 hxg4 32. hxg4 Bxg4 33. Rh1 Bh3+ 34. Kh2
Qg3# 0-1

[Event "World Blitz 2025"]
[Site "Doha QAT"]
[Date "2025.12.29"]
[Round "4.82"]
[White "Iniyan, Pa"]
[Black "Damaj, Mohammed"]
[Result "1-0"]
[WhiteTitle "GM"]
[BlackTitle "CM"]
[WhiteElo "2598"]
[BlackElo "2119"]
[WhiteFideId "25002767"]
[BlackFideId "11501731"]
[EventDate "2025.12.29"]

1. d4 d5 2. c4 e6 3. Nc3 a6 4. e3 Nf6 5. Nf3 Be7 6. a3 Nbd7 7. c5 c6 8. b4 Qc7
9. Bb2 O-O 10. Be2 Qb8 11. Qc2 Rd8 12. O-O e5 13. dxe5 Nxe5 14. Nxe5 Qxe5 15.
Rad1 Qf5 16. Bd3 Qh5 17. Ne2 Re8 18. Ng3 Qh4 19. Bf5 Bf8 20. Rd4 Qh6 21. Rf4
Bxf5 22. Nxf5 Qg6 23. Bxf6 gxf6 24. h3 Kh8 25. Rg4 Qh5 26. Ng3 Qh6 27. Rd1 Re5
28. Rdd4 Rae8 29. Rh4 Qg6 30. Qc3 Bg7 31. Rdf4 Rg5 32. Qd2 f5 33. Qd3 Be5 34.
Kh2 Kg8 35. Nxf5 Bxf4+ 1-0

[Event "World Blitz 2025"]
[Site "Doha QAT"]
[Date "2025.12.29"]
[Round "4.83"]
[White "Saraci, Nderim"]
[Black "AlJamaat, Khaled"]
[Result "1-0"]
[WhiteTitle "IM"]
[WhiteElo "2461"]
[BlackElo "1719"]
[WhiteFideId "6351921"]
[BlackFideId "12102415"]
[EventDate "2025.12.29"]

1. d4 Nf6 2. Nf3 e6 3. c4 b6 4. g3 Bb7 5. Bg2 Bb4+ 6. Bd2 Bxd2+ 7. Qxd2 O-O 8.
O-O d6 9. Nc3 Ne4 10. Qc2 Nxc3 11. Qxc3 Nd7 12. Rfd1 Qe7 13. b4 a5 14. a3 f5 15.
Rac1 f4 16. Qc2 fxg3 17. hxg3 Rf6 18. c5 bxc5 19. bxc5 dxc5 20. dxc5 Bc6 21. Nd4
Bxg2 22. Kxg2 Raf8 23. f3 Ne5 24. Qe4 Ng6 25. Nc6 Qe8 26. Rd8 Qf7 27. Rxf8+ Nxf8
28. Nxa5 e5 29. Nc4 Rh6 30. Rh1 Rxh1 31. Kxh1 Nd7 32. Qa8+ Qf8 33. Qxf8+ Kxf8
34. c6 Nb8 35. Nxe5 Na6 36. Kg2 Ke7 37. f4 Nc5 38. Kf3 Ke6 39. e4 Nb3 40. Ke3 g5
41. Nc4 gxf4+ 42. gxf4 h5 43. f5+ Kf6 44. Kf4 Nd4 45. e5+ Ke7 46. Ne3 Nxc6 47.
Nd5+ Kd7 48. Nf6+ Ke7 49. Nxh5 Nd4 50. Ke4 Nb5 51. Nf4 Nxa3 52. Nd5+ Kd7 53. e6+
Kd6 54. e7 Kd7 55. f6 Nc4 56. Nxc7 Nd6+ 57. Kd5 Kxc7 58. f7 Kd7 59. f8=Q Ne8 60.
Ke4 Kd6 1-0

[Event "World Blitz 2025"]
[Site "Doha QAT"]
[Date "2025.12.29"]
[Round "4.84"]
[White "Wojtaszek, Radoslaw"]
[Black "Tran, Thanh Tu"]
[Result "1/2-1/2"]
[WhiteTitle "GM"]
[BlackTitle "IM"]
[WhiteElo "2667"]
[BlackElo "2402"]
[WhiteFideId "1118358"]
[BlackFideId "12401404"]
[EventDate "2025.12.29"]

1. d4 Nf6 2. c4 g6 3. Nf3 Bg7 4. g3 d6 5. Bg2 O-O 6. O-O Nc6 7. d5 Na5 8. Na3 c5
9. Re1 a6 10. e4 Rb8 11. e5 Ne8 12. Bf4 b5 13. b3 h6 14. h3 Kh7 15. Qe2 bxc4 16.
Nxc4 Nxc4 17. bxc4 Rb4 18. Rad1 Qb6 19. g4 a5 20. Nd2 a4 21. a3 Rb2 22. Rb1 Ba6
23. Qe3 Nc7 24. Rxb2 Qxb2 25. Rb1 Qa2 26. exd6 exd6 27. Bxd6 Re8 28. Qd3 Rc8 29.
Bxc5 Nxd5 30. Qxd5 Rxc5 31. Qxc5 Qxd2 32. Qd5 Qa2 33. Rb4 Qxa3 34. Rb1 Qa2 35.
Re1 Bxc4 36. Qc5 a3 37. Kh2 Be6 38. Re3 Bb2 39. Qa7 Qc4 40. Rxa3 Bxa3 41. Qxa3
Qf4+ 42. Qg3 Qd2 43. h4 Qb4 44. g5 h5 45. Bf3 Qd4 46. Be2 Kg7 47. Bf3 Bf5 48.
Bg2 Kh7 49. Bh1 Be6 50. Bg2 Kg7 51. Bf3 Kh7 52. Bg2 1/2-1/2

[Event "World Blitz 2025"]
[Site "Doha QAT"]
[Date "2025.12.29"]
[Round "4.109"]
[White "Mendonca, Leon Luke"]
[Black "Gharibyan, Mamikon"]
[Result "1-0"]
[WhiteTitle "GM"]
[BlackTitle "GM"]
[WhiteElo "2615"]
[BlackElo "2491"]
[WhiteFideId "35028561"]
[BlackFideId "13308300"]
[EventDate "2025.12.29"]

1. d4 Nf6 2. Nf3 d5 3. c3 Bf5 4. Bg5 Nbd7 5. Nbd2 e6 6. e3 h6 7. Bh4 Bd6 8. Be2
O-O 9. O-O c5 10. Bg3 Bxg3 11. hxg3 Qe7 12. Qb3 c4 13. Qd1 b5 14. Qc1 Rfc8 15.
Bd1 b4 16. Bc2 Rab8 17. Re1 Bd3 18. Bxd3 cxd3 19. c4 dxc4 20. Nxc4 b3 21. axb3
Rxb3 22. Nfd2 Rb7 23. Qc3 Nb6 24. Qxd3 Nxc4 25. Nxc4 Qb4 26. Ne5 Rbc7 27. b3 Nd5
28. Nc4 Rb8 29. Reb1 Nc3 30. Rc1 Nd5 31. Ne5 Rbc8 32. Rc4 Qb7 33. Rac1 f6 34.
Ng6 Kf7 35. Nf4 Nxf4 36. gxf4 a5 37. Rc5 Rxc5 38. dxc5 Qc6 39. f5 exf5 40. Qxf5
Rd8 41. Qc2 h5 42. Qf5 g6 43. Qc2 Kg7 44. Qc3 Ra8 45. Rd1 Rc8 46. Rc1 Ra8 47.
Qd4 Rb8 48. Rc3 Rb4 49. Qd6 Qxd6 50. cxd6 Kf7 51. Rd3 Ke8 52. f4 Kd7 53. Kf2 a4
54. bxa4 Rxa4 55. Kf3 Ra6 56. Rb3 Rxd6 57. Rb7+ Ke6 58. Rg7 g5 59. fxg5 fxg5 60.
Rg6+ Ke7 61. Rxg5 Rh6 62. Kf4 Ke6 63. e4 Rh8 64. Re5+ Kf6 65. Rf5+ Kg6 66. e5 h4
67. Rg5+ Kf7 68. Kg4 Ke7 69. Rg6 Kf7 70. Rf6+ Ke7 71. Rg6 Kf7 72. Rg5 Ke6 73.
Kh3 Rh7 74. Kg4 Rh8 75. Kh3 Rh7 76. Rg4 Rh5 77. Rxh4 Rxe5 78. Rf4 Re1 79. g4
Rh1+ 80. Kg3 Ke5 81. Rf2 Rg1+ 82. Kh4 Rh1+ 83. Kg5 Ke6 84. Kg6 Ke7 85. g5 Rg1
86. Kh6 Ke6 87. g6 Ke7 88. Kh7 Rh1+ 89. Kg8 Rg1 90. g7 Ke8 91. Re2+ Kd7 92. Rh2
Ke7 93. Kh8 Kf7 94. Rf2+ 1-0

[Event "World Blitz 2025"]
[Site "Doha QAT"]
[Date "2025.12.29"]
[Round "4.110"]
[White "Medhus, Vitus Bondo"]
[Black "Tsaruk, Maksim"]
[Result "0-1"]
[WhiteTitle "FM"]
[BlackTitle "GM"]
[WhiteElo "2387"]
[BlackElo "2515"]
[WhiteFideId "1462547"]
[BlackFideId "13511173"]
[EventDate "2025.12.29"]

1. e4 c5 2. Nc3 e6 3. Nf3 a6 4. d4 cxd4 5. Nxd4 b5 6. Bd3 Bb7 7. O-O Qc7 8. Re1
Ne7 9. Bxb5 Ng6 10. Ba4 Bd6 11. g3 Bc5 12. Nb3 Be7 13. Qh5 Nc6 14. Bg5 Bxg5 15.
Qxg5 Nce5 16. Qe3 O-O 17. Rad1 d6 18. Nd2 Rab8 19. Bb3 Bc6 20. h3 a5 21. f4 Nd7
22. Nc4 a4 23. Nxa4 Bxa4 24. Bxa4 Qxc4 25. Bxd7 Rxb2 26. Rxd6 Qxc2 27. Qf3 Qh2+
28. Kf1 Qxh3+ 29. Kg1 Nh4 30. Qf2 Rxf2 31. Kxf2 Qg2+ 32. Ke3 Qxg3+ 33. Ke2 Qf3+
34. Kd2 Qxf4+ 0-1

[Event "World Blitz 2025"]
[Site "Doha QAT"]
[Date "2025.12.29"]
[Round "4.111"]
[White "Urkedal, Frode Olav Olsen"]
[Black "Harshavardhan, G B"]
[Result "1-0"]
[WhiteTitle "GM"]
[BlackTitle "IM"]
[WhiteElo "2568"]
[BlackElo "2477"]
[WhiteFideId "1506102"]
[BlackFideId "25059009"]
[EventDate "2025.12.29"]

1. d4 Nf6 2. c4 e6 3. Nf3 b6 4. g3 Ba6 5. Nbd2 Bb7 6. Bg2 d5 7. O-O Be7 8. cxd5
exd5 9. b3 O-O 10. Bb2 Nbd7 11. Ne5 Re8 12. Rc1 c5 13. Ndc4 Rc8 14. Nxd7 Qxd7
15. Ne5 Qe6 16. Nd3 Bd6 17. e3 Ne4 18. dxc5 bxc5 19. Re1 Qf5 20. Nf4 Bxf4 21.
exf4 d4 22. Qd3 g6 23. Re2 Nd6 24. Qxf5 gxf5 25. Re5 f6 26. Bxb7 Nxb7 27. Rxf5
Kf7 28. Rh5 Kg6 29. Rd5 Re2 30. f5+ Kg5 31. Bxd4 Rxa2 32. Be3+ Kh5 33. Rc4 1-0

[Event "World Blitz 2025"]
[Site "Doha QAT"]
[Date "2025.12.29"]
[Round "4.112"]
[White "Xiao, Tong(QD)"]
[Black "Sharan, Rao"]
[Result "1-0"]
[WhiteTitle "GM"]
[BlackTitle "IM"]
[WhiteElo "2555"]
[BlackElo "2341"]
[WhiteFideId "8622388"]
[BlackFideId "5073464"]
[EventDate "2025.12.29"]

1. b3 Nf6 2. Bb2 b6 3. Nf3 Bb7 4. g3 e6 5. Bg2 Be7 6. O-O O-O 7. d3 d5 8. Nbd2
c5 9. Qe1 Nc6 10. e4 dxe4 11. dxe4 Nb4 12. e5 Nd7 13. Qd1 Qc7 14. a3 Nc6 15. Qe2
Rfd8 16. Rfe1 Nf8 17. Rad1 a5 18. a4 Ba6 19. Nc4 b5 20. axb5 Bxb5 21. Qe4 a4 22.
Nd6 Bxd6 23. exd6 Rxd6 24. Rxd6 Qxd6 25. c4 f5 26. Qe2 Ba6 27. bxa4 Bb7 28. Ng5
Nd8 29. Bxb7 Nxb7 30. Qf3 Ra7 31. h4 Nd8 32. Qc3 h6 33. Nf3 Qe7 34. a5 Qc7 35.
Ra1 Nc6 36. a6 Nb4 37. Ne5 Rxa6 38. Rd1 Ra7 39. h5 Nc6 40. Nf3 Qf7 41. Qe3 Qe7
42. Kg2 Rb7 43. Bc3 Nd7 44. Nh4 Nf6 45. Ng6 Qf7 46. Rd6 Rc7 47. Rxe6 Nd8 48. Rd6
Rd7 49. Ne5 Rxd6 50. Nxf7 Nxf7 51. Qxc5 Ne4 52. Qe3 Rc6 53. Qd3 Rc8 54. Bb2 Nfd6
55. Qd4 Rc7 56. c5 Ne8 57. Qd5+ Rf7 58. c6 Nc7 59. Qe5 Ng5 60. Ba3 Nge6 61. Bd6
f4 62. g4 f3+ 63. Kg3 Kh7 64. Qe4+ Kg8 65. Be5 Kf8 66. Qh7 Ke7 67. Qd3 Kf8 68.
Qa3+ Kg8 69. Qd6 Kh7 70. Qd3+ Kg8 71. Qe3 Kf8 72. Bd6+ Kg8 73. Qe5 Kh7 74. Qe4+
Kg8 75. Bb4 Kh8 76. Bc3 Kg8 77. Qe5 Nf8 78. Bd2 Nfe6 79. Qd6 Kh7 80. Qd3+ Kg8
81. Ba5 Kf8 82. Qh7 Ke7 83. Bb4+ Ke8 84. Qg8+ Nf8 85. Bxf8 Rxf8 86. Qxg7 Rf7 87.
Qxh6 Ke7 88. Qg6 Ne6 89. h6 Nf8 90. Qxf7+ Kxf7 91. c7 1-0

[Event "World Blitz 2025"]
[Site "Doha QAT"]
[Date "2025.12.29"]
[Round "4.113"]
[White "Piliposyan, Robert"]
[Black "Al Hosani, Omran"]
[Result "1-0"]
[WhiteTitle "IM"]
[BlackTitle "IM"]
[WhiteElo "2442"]
[BlackElo "2340"]
[WhiteFideId "13309978"]
[BlackFideId "9308733"]
[EventDate "2025.12.29"]

1. d4 Nf6 2. c4 e6 3. Nf3 Bb4+ 4. Nbd2 a5 5. a3 Be7 6. e4 d5 7. e5 Nfd7 8. Be2
c5 9. cxd5 exd5 10. dxc5 Nc6 11. Bb5 Nxc5 12. O-O O-O 13. Re1 Bf5 14. Nb3 Ne4
15. Be3 Bg4 16. h3 Bxf3 17. gxf3 Ng5 18. f4 Ne4 19. Rc1 f6 20. Bxc6 bxc6 21. Nd4
Rc8 22. Nxc6 Rxc6 23. Rxc6 fxe5 24. fxe5 Qd7 25. Rc2 Rf5 26. Qg4 Qe6 27. Rc6
Qxc6 28. Qxf5 g6 29. Qg4 h5 30. Qf3 Qe6 31. Qg2 Kf7 32. f3 Nc5 33. Bxc5 Bxc5+
34. Kh1 d4 35. Kh2 d3 36. Re4 Qd5 37. Qd2 Be7 38. Re3 Bg5 39. Qxd3 Bf4+ 40. Kg2
Qc6 41. e6+ Kf6 42. Qd4+ Kg5 43. Re2 Qb5 1-0

[Event "World Blitz 2025"]
[Site "Doha QAT"]
[Date "2025.12.29"]
[Round "4.114"]
[White "Bilguun, Sumiya"]
[Black "Berend, Fred"]
[Result "1-0"]
[WhiteTitle "GM"]
[BlackTitle "IM"]
[WhiteElo "2442"]
[BlackElo "2213"]
[WhiteFideId "4901541"]
[BlackFideId "4000102"]
[EventDate "2025.12.29"]

1. e4 e6 2. d4 d5 3. Bd3 dxe4 4. Bxe4 Nf6 5. Bf3 c5 6. Ne2 Nc6 7. Be3 Nd5 8.
Bxd5 Qxd5 9. Nbc3 Qxg2 10. Rg1 Qxh2 11. Bf4 Qh5 12. Nb5 cxd4 13. Nc7+ Kd7 14.
Nxa8 e5 15. Bg3 Bd6 16. c3 Ke7 17. Nxd4 Qxd1+ 18. Rxd1 exd4 19. Nc7 Bxg3 20.
Rxg3 Bf5 21. cxd4 Kd7 22. Nd5 Re8+ 23. Ne3 Bg6 24. Kf1 Nb4 25. a3 Nc6 26. Rg5 a6
27. Rc5 Nd8 1-0

[Event "World Blitz 2025"]
[Site "Doha QAT"]
[Date "2025.12.29"]
[Round "4.115"]
[White "Sindarov, Islombek"]
[Black "Dudin, Gleb"]
[Result "1-0"]
[WhiteTitle "CM"]
[BlackTitle "GM"]
[WhiteElo "2129"]
[BlackElo "2585"]
[WhiteFideId "14205475"]
[BlackFideId "34184934"]
[EventDate "2025.12.29"]

1. e4 c5 2. Nc3 Nc6 3. g3 g6 4. Bg2 Bg7 5. Nge2 d6 6. O-O e6 7. d3 Nge7 8. Be3
Nd4 9. Qd2 h6 10. Nc1 Rb8 11. a4 b6 12. Nd1 Bb7 13. c3 Ndc6 14. Ne2 d5 15. Qc2
O-O 16. Nf4 d4 17. Bd2 dxc3 18. bxc3 Qd7 19. Ne3 Rfd8 20. Nc4 Ba6 21. Be3 e5 22.
Nd5 Nxd5 23. exd5 Ne7 24. a5 b5 25. Nd2 Nxd5 26. Bxc5 Rbc8 27. Nb3 Bb7 28. Bxa7
Rxc3 29. Qb2 Ba8 30. Bb6 Rdc8 31. Rfc1 e4 32. d4 b4 33. Bc5 e3 34. fxe3 Rxe3 35.
a6 Nc3 36. Re1 Rxe1+ 37. Rxe1 Bxg2 38. Qxg2 Qa4 39. a7 Qxb3 40. Qb7 Rd8 41. Qc6
Qa2 42. Re8+ Kh7 43. a8=Q Qb1+ 44. Kg2 Qc2+ 45. Kh3 Qf5+ 46. g4 Qf1+ 47. Qg2
Qxg2+ 48. Qxg2 Rxe8 49. Qf3 Ne4 50. Kg2 f5 51. gxf5 gxf5 52. Qxf5+ Kh8 53. Bxb4
Bxd4 54. h4 Bg7 55. Qg6 Re5 56. Ba3 Nf6 57. Bd6 Re2+ 58. Kf3 Re6 59. Bf4 Re8 60.
Bxh6 Re7 1-0

[Event "World Blitz 2025"]
[Site "Doha QAT"]
[Date "2025.12.29"]
[Round "4.116"]
[White "Fates, Omer Salah"]
[Black "Harikrishnan, A. Ra"]
[Result "0-1"]
[BlackTitle "GM"]
[WhiteElo "2079"]
[BlackElo "2531"]
[WhiteFideId "9212035"]
[BlackFideId "5081483"]
[EventDate "2025.12.29"]

1. e4 e6 2. d4 d5 3. Bd3 dxe4 4. Bxe4 Nf6 5. Bf3 Nbd7 6. Ne2 e5 7. Ng3 Bd6 8.
O-O O-O 9. Re1 Re8 10. Nf5 e4 11. Be2 Bf8 12. Bf4 Nd5 13. Bg3 N7f6 14. Ne3 Bd6
15. c4 Nxe3 16. fxe3 Bxg3 17. hxg3 Qd6 18. Kf2 h5 19. Rh1 Bg4 20. Nc3 Bxe2 21.
Qxe2 Ng4+ 22. Kg1 g6 23. c5 Qe6 24. Rf1 f5 25. d5 Qe5 26. Nb5 a6 27. Nc3 Qxg3
28. Rh3 Qe5 29. Qc4 Kg7 30. Ne2 b5 31. Qb3 c6 32. Rd1 Rad8 33. Nf4 cxd5 34. Nxd5
Nf6 35. Nxf6 Kxf6 36. Rc1 Rd3 37. Qb4 Red8 38. Rc2 Rd1+ 39. Kf2 Qd5 40. Qc3+ Kf7
41. Kg3 Rd3 42. Qe1 Qe5+ 43. Kf2 Kg7 44. c6 Rc8 45. Qa5 Qd6 46. Ke2 Rxc6 47.
Rxc6 Qxc6 48. Qb4 Qc2+ 49. Kf1 Rd1+ 0-1

[Event "World Blitz 2025"]
[Site "Doha QAT"]
[Date "2025.12.29"]
[Round "4.117"]
[White "Anand, Tsogtbileg"]
[Black "Muntean, Victor"]
[Result "0-1"]
[WhiteTitle "CM"]
[WhiteElo "1968"]
[BlackElo "2169"]
[WhiteFideId "4926552"]
[BlackFideId "1054414"]
[EventDate "2025.12.29"]

1. e4 e5 2. Nf3 Nc6 3. Bb5 a6 4. Bxc6 dxc6 5. O-O Bg4 6. h3 Bxf3 7. Qxf3 Qf6 8.
d3 O-O-O 9. Qg4+ Rd7 10. Nd2 Bc5 11. Nc4 h5 12. Qg3 Bd6 13. f4 exf4 14. Bxf4
Bxf4 15. Rxf4 Qd4+ 16. Kh2 Nh6 17. Qf2 f6 18. Qxd4 Rxd4 19. Ne3 Rd7 20. Raf1 Re8
21. Nc4 c5 22. Ne3 c6 23. Rh4 b5 24. Rxh5 c4 25. Rd1 cxd3 26. cxd3 Red8 27. Rc5
Rxd3 28. Re1 Kb7 29. Nc2 Rd2 30. Nb4 Rxb2 31. Nxc6 Rdd2 32. Rg1 Rxa2 33. Nb4
Rab2 34. Nd5 Rbc2 35. Rxc2 Rxc2 36. Rb1 Nf7 37. Ne3 Re2 38. Nf5 g6 39. Ne7 Rxe4
40. Nd5 f5 41. Rc1 Ne5 42. Rc7+ Kb8 43. Rg7 b4 44. Rg8+ Kb7 45. Rg7+ Kc6 46.
Ne7+ Kb5 47. Nc8 b3 48. Nd6+ 0-1

[Event "World Blitz 2025"]
[Site "Doha QAT"]
[Date "2025.12.29"]
[Round "4.118"]
[White "Assylov, Miras"]
[Black "Dahal, Sushrut"]
[Result "1-0"]
[WhiteTitle "FM"]
[BlackTitle "CM"]
[WhiteElo "2393"]
[BlackElo "2037"]
[WhiteFideId "13728873"]
[BlackFideId "12303275"]
[EventDate "2025.12.29"]

1. Nf3 d5 2. b3 Nd7 3. Bb2 Nb6 4. g3 Nf6 5. Bg2 g6 6. O-O Bg7 7. c4 dxc4 8. bxc4
c6 9. d3 O-O 10. a4 a5 11. Nbd2 h6 12. Qb3 Bg4 13. Rfb1 Nfd7 14. Bxg7 Kxg7 15.
c5 Nd5 16. Qxb7 Nb4 17. Rxb4 axb4 18. Qxb4 Bxf3 19. Bxf3 Qc7 20. Nc4 Rfb8 21.
Qc3+ f6 22. d4 Ra6 23. a5 Rb5 24. e3 e5 25. Nb6 exd4 26. exd4 Nxb6 27. cxb6 Qe7
28. Bxc6 Rf5 29. Re1 Qd6 30. d5 Re5 31. Rxe5 fxe5 32. Bb7 Rxb6 33. axb6 Qxb6 34.
Qxe5+ Kh7 35. Qe7+ Kh8 36. d6 1-0

[Event "World Blitz 2025"]
[Site "Doha QAT"]
[Date "2025.12.29"]
[Round "4.119"]
[White "Ammar, Sedrani"]
[Black "Alkhuriji, Abdulaziz N"]
[Result "1-0"]
[WhiteTitle "FM"]
[WhiteElo "2203"]
[BlackElo "1972"]
[WhiteFideId "9312331"]
[BlackFideId "21525919"]
[EventDate "2025.12.29"]

1. e4 e5 2. Nf3 Nc6 3. Bb5 a6 4. Ba4 Nf6 5. d3 b5 6. Bb3 Bc5 7. O-O O-O 8. a4
Rb8 9. axb5 axb5 10. Nc3 h6 11. Nd5 d6 12. c3 b4 13. d4 Bb6 14. Nxb6 Rxb6 15.
dxe5 dxe5 16. Be3 Rb8 17. Bd5 Nxd5 18. exd5 Ne7 19. c4 Ng6 20. Qd2 Bg4 21. Ne1
f5 22. Bc5 Rf7 23. Bxb4 Qh4 24. Bc3 f4 25. f3 Bd7 26. Nd3 Qg5 27. Nc5 Bh3 28.
Ne4 Qh4 29. gxh3 Qxh3 30. Qg2 Nh4 31. Qxh3 Rb7 1-0

[Event "World Blitz 2025"]
[Site "Doha QAT"]
[Date "2025.12.29"]
[Round "4.120"]
[White "Blackwood, Ryan"]
[Black "Nainys, Zanas"]
[Result "0-1"]
[WhiteElo "1945"]
[BlackElo "2307"]
[WhiteFideId "7400640"]
[BlackFideId "12844098"]
[EventDate "2025.12.29"]

1. e4 e6 2. Nf3 d5 3. exd5 exd5 4. d4 Bd6 5. c4 Nf6 6. c5 Be7 7. Bd3 O-O 8. O-O
b6 9. cxb6 axb6 10. Bf4 Bd6 11. Bg5 Nbd7 12. Nc3 c6 13. a3 Re8 14. Qc2 Qc7 15.
Rac1 Qb8 16. Bh4 Ba6 17. Bxa6 Rxa6 18. Ne2 b5 19. Bg3 Ne4 20. Bxd6 Qxd6 21. Ng3
Nxg3 22. hxg3 g6 23. Qd3 Raa8 24. Rc2 h6 25. Rfc1 Rac8 26. Qd2 Kg7 27. Qa5 Re6
28. Qa6 Rc7 29. b4 g5 30. a4 bxa4 31. Qxa4 Nb6 32. Qa6 Nc4 33. b5 cxb5 34. Qxb5
Qc6 35. Qxc6 Rexc6 36. Kf1 f6 37. Ke2 Re7+ 38. Kd3 Ra6 39. Nd2 Ra3+ 40. Rc3 Nb2+
41. Kc2 Rxc3+ 42. Kxc3 Na4+ 43. Kd3 Rb7 44. Ra1 Nb2+ 45. Kc2 Rb4 46. Nb3 Nc4 47.
Kc3 Rb8 48. Ra7+ Kg6 49. Rd7 Rb5 50. Nc5 Na3 51. Rxd5 Nb1+ 52. Kc2 Na3+ 53. Kc3
Nb1+ 54. Kc2 Na3+ 55. Kc3 Nb1+ 56. Kc4 Rb2 57. Rd6 Rc2+ 58. Kd5 Rxf2 59. Nd7 Nd2
60. g4 Nf1 61. Ne5+ Kg7 62. Rd7+ Kg8 63. Ng6 Ne3+ 64. Kd6 f5 65. Ke6 fxg4 66.
Ne5 g3 67. Ng4 Nxg4 68. d5 Rf6+ 69. Ke7 Rf7+ 70. Ke6 Rxd7 71. Kxd7 Kf7 72. Kc7
Nf6 73. d6 h5 74. d7 Nxd7 75. Kxd7 h4 0-1

[Event "World Blitz 2025"]
[Site "Doha QAT"]
[Date "2025.12.29"]
[Round "4.121"]
[White "Khayat, Emad"]
[Black "Al Mashikhi, Salim Aliyan"]
[Result "1-0"]
[BlackTitle "FM"]
[WhiteElo "1927"]
[BlackElo "1952"]
[WhiteFideId "21518076"]
[BlackFideId "22000046"]
[EventDate "2025.12.29"]

1. d4 d5 2. Nf3 Nf6 3. g3 c5 4. Bg2 Nc6 5. O-O g6 6. c4 e6 7. Nc3 Bg7 8. cxd5
exd5 9. dxc5 O-O 10. Bf4 Re8 11. Rc1 Bg4 12. h3 Be6 13. Qa4 a6 14. Rfd1 Qa5 15.
Qxa5 Nxa5 16. Nd4 Rac8 17. Na4 Nc6 18. Nb6 Nxd4 19. Rxd4 Rc6 20. Rdd1 Ne4 21. b4
Nc3 22. Rd2 Bf5 23. Nxd5 Nxe2+ 24. Rxe2 Rxe2 25. Nc3 Bxc3 26. Bxc6 bxc6 27. Rxc3
Bxh3 28. Re3 Rxa2 29. Bh6 f5 30. Re7 Bg4 31. Kg2 Ra3 32. Rg7+ Kh8 33. Rf7 Bf3+
34. Kh2 Kg8 35. Rf8# 1-0